Zjawiska naturalne przestawione na zjęciach - Statystyki

Ogólne statystyki
  • Ten quiz został rozwiązany 25 razy
  • Średni wynik to 11 z 12
Statystyki odpowiedzi
Obrazkowy Odpowiedź % Poprawnych
Burza
100%
Burza piaskowa
100%
Rosa
100%
Śnieżyca
100%
Sztorm
100%
Tęcza
100%
Zorza polarna
100%
Tornado
96%
Tsunami
96%
Szron
88%
Huragan
63%
Szadź
42%
Nie znaleziono quizów pasujących do podanych kryteriów
Rozkład punktacji
Procent ludzi z każdym wynikiem
Percentyl według liczby udzielonych odpowiedzi
Twoja historia wyników
Nie rozwiązałeś tego quizu